Life Insurance in South Africa - A compendium : (Record no. 86)

MARC details
000 -LEADER
fixed length control field 00618nam a22001697a 4500
005 - DATE AND TIME OF INPUT
control field 20231026124438.0
008 - DATA ELEMENTS--GENERAL INFORMATION
fixed length control field 231026b |||||||| |||| 00| 0 eng d
020 ## - INTERNATIONAL STANDARD BOOK NUMBER
International Standard Book Number 9780409023831
041 ## - LANGUAGE CODE
Language code of text English
082 ## - SHELF NUMBER
DDC number 346.7 NIE
100 ## - MAIN AUTHOR
Main author's name Nienaber, PM and Reinecke, MFB
Language of a work English
245 ## - TITLE STATEMENT
Title Life Insurance in South Africa - A compendium :
Sub-title A perspective from the office of the Ombudsman for Long-term Insurance /
Statement of responsibility, etc. PM Nienaber and MFB Reinecke
260 ## - PUBLICATION, DISTRIBUTION, ETC.
Place of publication, distribution, etc. Durban :
Name of publisher, distributor, etc. LexisNexis,
Date of publication, distribution, etc. 2009
300 ## - PHYSICAL DESCRIPTION
Other physical details xxii, 415 pages ;
Dimensions 24,8 cm.
650 ## - SUBJECT`
Broad subject Legal practice
Own subject terms Law
942 ## - ADDED ENTRY ELEMENTS (KOHA)
Item type Books
942 ## - ADDED ENTRY ELEMENTS (KOHA)
-- ALISON_BN_VRIES
Holdings
Source of classification or shelving scheme Not for loan Collection code Home library Current library Shelving location Date acquired Full call number Barcode Price effective from Koha item type
Dewey Decimal Classification   TEXT BOOKS LAW SOCIETY OF NAMIBIA LIBRARY - WINDHOEK LAW SOCIETY OF NAMIBIA LIBRARY - WINDHOEK INSOLVENCY AND INSURANCE 10/26/2023 346.7 NIE LSN/2010/23 10/26/2023 Books